[Event "M.Chigorin Memorial 2017 "]
[Site "?????-?????????"]
[Date "2017.10.21"]
[Round "1"]
[Board "178"]
[White "Tskhadadze, Anna"]
[Black "Golovanskikh, Dmitriy"]
[Result "1/2-1/2"]
[WhiteElo "2073"]
[BlackElo "1471"]
[PlyCount "124"]
[EventDate "2017.10.21"]
[EventRounds "9"]
[EventCountry "RUS"]

1. d4 d5 2. Bf4 Nf6 3. e3 e6 4. Nf3 Be7 5. h3 b6 6. Bd3 Bb7 7. O-O O-O 8. Nbd2
c5 9. c3 Nbd7 10. Qe2 Ne4 11. Ne5 Nxe5 12. Bxe5 Nxd2 13. Qxd2 a5 14. Qe2 Bd6
15. Bxd6 Qxd6 16. f4 f5 17. Rad1 Rfc8 18. Kh1 c4 19. Bb1 b5 20. g4 g6 21. Rg1
Rf8 22. h4 Kf7 23. Rg2 Qe7 24. Qf2 Rh8 25. Rdg1 Rag8 26. Kh2 Bc8 27. Bc2 h5 28.
gxf5 exf5 29. Rg5 Rh7 30. Qf3 Be6 31. Bd1 Rhg7 32. Qg3 Qf6 33. Bf3 Kf8 34. Qg2
Qf7 35. Qh1 Rh8 36. R1g3 Rh6 37. Qg2 Kg8 38. Qc2 a4 39. Rg1 Qe7 40. b3 axb3 41.
axb3 Bf7 42. Re1 Qa3 43. bxc4 bxc4 44. Rgg1 Qe7 45. Qf2 Qa3 46. Qd2 Qe7 47. Kh3
Rh8 48. Rb1 Kh7 49. Rb5 Rd8 50. Ra1 Re8 51. Re1 Rd8 52. Qa2 Qd7 53. Qa6 Bg8 54.
Rc5 Re8 55. Rc6 Re6 56. Rxe6 Qxe6 57. Qa8 Re7 58. Qb8 Re8 59. Qc7+ Re7 60. Qd8
Re8 61. Qg5 Bf7 62. Qg3 Rg8  1/2-1/2

[Event "M.Chigorin Memorial 2017 "]
[Site "?????-?????????"]
[Date "2017.10.21"]
[Round "1"]
[Board "179"]
[White "Uspenskaya, Ksenia"]
[Black "Zavgorodniaya, Alena"]
[Result "0-1"]
[WhiteElo "1073"]
[BlackElo "2039"]
[PlyCount "68"]
[EventDate "2017.10.21"]
[EventRounds "9"]
[EventCountry "RUS"]

1. d4 d5 2. Bf4 Nf6 3. Nf3 c5 4. e3 Nc6 5. c3 Qb6 6. Qb3 c4 7. Qc2 Bf5 8. Qc1
e6 9. Nbd2 Be7 10. Be2 O-O 11. O-O Rfc8 12. h3 h6 13. Ne5 Qd8 14. b3 b5 15. Bf3
Nxe5 16. dxe5 Ne4 17. Bxe4 Bxe4 18. Nxe4 dxe4 19. Rd1 Qc7 20. b4 a5 21. a3 Ra6
22. Rd2 Rca8 23. Rb1 axb4 24. axb4 Ra2 25. Rxa2 Rxa2 26. Ra1 Qa7 27. Rb1 Bh4
28. g3 Be7 29. g4 Bh4 30. Bg3 Bxg3 31. fxg3 Re2 32. Qd1 Qxe3+ 33. Kh1 Qf3+ 34.
Kg1 Qg2#  0-1

[Event "M.Chigorin Memorial 2017 "]
[Site "?????-?????????"]
[Date "2017.10.22"]
[Round "2"]
[Board "1"]
[White "Bykov, Egor"]
[Black "Artemiev, Vladislav"]
[Result "0-1"]
[WhiteElo "2346"]
[BlackElo "2696"]
[PlyCount "82"]
[EventDate "2017.10.21"]
[EventRounds "9"]
[EventCountry "RUS"]

1. d4 Nf6 2. c4 g6 3. Nc3 d5 4. Bg5 dxc4 5. e3 Be6 6. Bxf6 exf6 7. d5 Bc8 8.
Bxc4 Bd6 9. Nf3 O-O 10. O-O Re8 11. Rc1 a6 12. Nd2 f5 13. Be2 Nd7 14. Nc4 Bf8
15. Bf3 Rb8 16. g3 h5 17. Qc2 h4 18. Rfd1 Qg5 19. a4 hxg3 20. hxg3 b5 21. axb5
axb5 22. Na5 Ne5 23. Bg2 Ng4 24. Nc6 Rb6 25. d6 Bxd6 26. Nd5 Rb7 27. Qc3 b4 28.
Qd4 Rb5 29. Rc2 Be6 30. Ncxb4 c5 31. Qd3 Rxb4 32. Nxb4 Bxg3 33. fxg3 cxb4 34.
Re2 Qh6 35. Qb5 Qh2+ 36. Kf1 Rc8 37. Qb7 Qxg3 38. Rde1 Rc2 39. Qa8+ Kg7 40. b3
Bxb3 41. Kg1 Bc4  0-1

[Event "M.Chigorin Memorial 2017 "]
[Site "?????-?????????"]
[Date "2017.10.22"]
[Round "2"]
[Board "2"]
[White "Sjugirov, Sanan"]
[Black "Chen, Qi B"]
[Result "1-0"]
[WhiteElo "2650"]
[BlackElo "2345"]
[PlyCount "101"]
[EventDate "2017.10.21"]
[EventRounds "9"]
[EventCountry "RUS"]

1. Nf3 Nf6 2. c4 e6 3. d4 d5 4. Nc3 c6 5. cxd5 exd5 6. Bg5 Nbd7 7. e3 Be7 8.
Qc2 Nh5 9. Bxe7 Qxe7 10. O-O-O Nb6 11. Bd3 Bg4 12. Kb1 Bxf3 13. gxf3 O-O-O 14.
Rc1 Nf6 15. Qb3 Kb8 16. a4 Qc7 17. a5 Nc4 18. Bxc4 dxc4 19. Qa4 Rhe8 20. Rhg1
g6 21. f4 Nd5 22. Rg5 f5 23. h4 Nf6 24. Rgg1 a6 25. Rc2 Re7 26. Rgc1 Ka8 27.
Qa3 Ree8 28. Ka1 Rd7 29. Rb1 Kb8 30. Ka2 Ree7 31. Ra1 Re8 32. Kb1 c5 33. Qxc5
Qxc5 34. dxc5 Ne4 35. Nxe4 Rxe4 36. Ra3 Rd1+ 37. Rc1 Rd2 38. f3 Re6 39. Rxc4
Rh2 40. Rb3 Ka7 41. Rd4 Re7 42. Rbd3 Rxh4 43. Rd8 Rh1+ 44. Ka2 Rc7 45. b4 Re7
46. Rf8 Rh2+ 47. Kb1 Re2 48. Rdd8 b5 49. c6 Re1+ 50. Kc2 Re2+ 51. Kd1  1-0

[Event "M.Chigorin Memorial 2017 "]
[Site "?????-?????????"]
[Date "2017.10.22"]
[Round "2"]
[Board "3"]
[White "Chashchev, Sergey"]
[Black "Volkov, Sergey"]
[Result "0-1"]
[WhiteElo "2342"]
[BlackElo "2638"]
[PlyCount "124"]
[EventDate "2017.10.21"]
[EventRounds "9"]
[EventCountry "RUS"]

1. e4 e6 2. d3 d5 3. Nd2 Nf6 4. Ngf3 b6 5. g3 dxe4 6. dxe4 Bb7 7. Qe2 Nc6 8. c3
Qd7 9. Bg2 O-O-O 10. O-O Qd3 11. Qxd3 Rxd3 12. Re1 Bc5 13. Nb3 Be7 14. Nfd4
Nxd4 15. Nxd4 Bc5 16. Nb3 Nd7 17. Bf1 Rf3 18. Nxc5 Nxc5 19. Be2 Bxe4 20. Bxf3
Bxf3 21. Re3 Bc6 22. b3 Rd8 23. Kf1 g5 24. g4 f5 25. Ba3 Ne4 26. Rae1 Nd2+ 27.
Ke2 fxg4 28. Rd3 Nf3 29. Rxd8+ Kxd8 30. Rd1+ Ke8 31. Ke3 Nxh2 32. c4 h5 33. Bb2
Nf3 34. Bf6 Bd7 35. Rh1 h4 36. Bxg5 Nxg5 37. Rxh4 e5 38. Rh8+ Ke7 39. Rb8 Ne6
40. Rg8 Nd4 41. Ke4 Kf6 42. Rf8+ Ke6 43. Rg8 Bc6+ 44. Kd3 Bf3 45. Rg7 Kd6 46.
Rg6+ Ne6 47. Ke3 a5 48. Rh6 e4 49. Kd2 Ke5 50. Ke3 Nd4 51. Rh7 Nf5+ 52. Kd2 c5
53. Rh8 g3 54. fxg3 Nxg3 55. Rb8 Kf4 56. Rxb6 e3+ 57. Ke1 Ne4 58. Kf1 Nf2 59.
Rf6+ Ke4 60. Re6+ Kd4 61. Rd6+ Kc3 62. Rf6 Bg4  0-1

[Event "M.Chigorin Memorial 2017 "]
[Site "?????-?????????"]
[Date "2017.10.22"]
[Round "2"]
[Board "4"]
[White "Sethuraman, S.P."]
[Black "Askerov, Marat"]
[Result "1-0"]
[WhiteElo "2632"]
[BlackElo "2332"]
[PlyCount "73"]
[EventDate "2017.10.21"]
[EventRounds "9"]
[EventCountry "RUS"]

1. e4 c6 2. d4 d5 3. e5 Bf5 4. Nf3 e6 5. Be2 Ne7 6. c3 Nd7 7. O-O c5 8. dxc5
Bxb1 9. Rxb1 Nxc5 10. Nd4 Nc6 11. f4 Ne4 12. Be3 Bc5 13. Bf3 O-O 14. Qd3 Bxd4
15. cxd4 f5 16. exf6 Nxf6 17. Rfe1 Qd6 18. a3 Ne7 19. Bf2 Rac8 20. g3 Qd7 21.
Re5 Nf5 22. Rbe1 Rfe8 23. Qe2 Kf7 24. Bg2 g6 25. g4 Nd6 26. Re3 Nfe4 27. Bg3
Qa4 28. f5 Rc2 29. fxg6+ hxg6 30. Qf1+ Ke7 31. Bxd6+ Kxd6 32. Bxe4 dxe4 33.
Rxe4 Qc4 34. Qf4+ Kd7 35. Re5 Qc6 36. d5 Qb6+ 37. Kh1  1-0

[Event "M.Chigorin Memorial 2017 "]
[Site "?????-?????????"]
[Date "2017.10.22"]
[Round "2"]
[Board "5"]
[White "Karasev, Vladimir I"]
[Black "Alekseev, Evgeny"]
[Result "1/2-1/2"]
[WhiteElo "2339"]
[BlackElo "2622"]
[PlyCount "84"]
[EventDate "2017.10.21"]
[EventRounds "9"]
[EventCountry "RUS"]

1. d4 Nf6 2. c4 e6 3. Nf3 d5 4. Nc3 Bb4 5. Qa4+ Nc6 6. Ne5 Bd7 7. Nxd7 Nxd7 8.
e3 Nb6 9. Qb3 e5 10. cxd5 Qxd5 11. Qxd5 Nxd5 12. Bd2 O-O-O 13. Bc4 Nb6 14. Bxf7
exd4 15. exd4 Rd7 16. Bh5 Re7+ 17. Be3 Nd5 18. O-O Nxe3 19. fxe3 Rxe3 20. Nd5
Re4 21. Nxb4 Nxb4 22. Rf7 g6 23. Bf3 Rxd4 24. Rc1 c6 25. Re1 Nd5 26. Bxd5 Rxd5
27. Ree7 Rd1+ 28. Kf2 Rd2+ 29. Re2 Rd7 30. Ree7 Rxe7 31. Rxe7 Rd8 32. Rxh7 Rd2+
33. Kf3 Rxb2 34. Rg7 c5 35. Rxg6 c4 36. Ke3 Rxa2 37. h4 Ra1 38. h5 Rh1 39. h6
a5 40. Kd4 b5 41. Rg5 Rxh6 42. Rxb5 Rg6  1/2-1/2

[Event "M.Chigorin Memorial 2017 "]
[Site "?????-?????????"]
[Date "2017.10.22"]
[Round "2"]
[Board "6"]
[White "Kokarev, Dmitry"]
[Black "Khlebovich, Alexander"]
[Result "0-1"]
[WhiteElo "2622"]
[BlackElo "2326"]
[PlyCount "101"]
[EventDate "2017.10.21"]
[EventRounds "9"]
[EventCountry "RUS"]

1. e4 c5 2. Nf3 d6 3. d4 cxd4 4. Nxd4 Nf6 5. Nc3 a6 6. h3 g6 7. g4 Bg7 8. Bg2
O-O 9. Be3 Bd7 10. Qd2 Nc6 11. O-O-O Na5 12. b3 Rc8 13. Rhe1 Nc6 14. Nd5 Nxd5
15. exd5 Nxd4 16. Bxd4 Bxd4 17. Qxd4 Qa5 18. Qb2 Rfe8 19. Re3 Rc7 20. Kb1 Rec8
21. Be4 Rc3 22. b4 Qc7 23. Rxc3 Qxc3 24. Qxc3 Rxc3 25. Bd3 a5 26. bxa5 Ra3 27.
a6 bxa6 28. Kb2 Ra4 29. Kb3 a5 30. Re1 Rb4+ 31. Kc3 e5 32. dxe6 Bxe6 33. a3 Rf4
34. Re4 Rxf2 35. Ra4 Rh2 36. g5 Rxh3 37. Rxa5 h5 38. gxh6 Rxh6 39. a4 Kg7 40.
Ra8 g5 41. a5 g4 42. Rb8 g3 43. Be4 d5 44. Bg2 Bh3 45. Bxd5 Bf1 46. Rb1 g2 47.
Bxg2 Bxg2 48. Rg1 Rg6 49. a6 Ba8 50. Rxg6+ fxg6 51. Kd4  0-1

[Event "M.Chigorin Memorial 2017 "]
[Site "?????-?????????"]
[Date "2017.10.22"]
[Round "2"]
[Board "7"]
[White "Biriukov, Oleg V."]
[Black "Gordievsky, Dmitry"]
[Result "0-1"]
[WhiteElo "2336"]
[BlackElo "2605"]
[PlyCount "98"]
[EventDate "2017.10.21"]
[EventRounds "9"]
[EventCountry "RUS"]

1. d4 d6 2. Nf3 g6 3. e4 Nf6 4. Bd3 Bg7 5. O-O O-O 6. c3 Nbd7 7. Re1 e5 8. Bg5
h6 9. Bh4 Qe8 10. Na3 a6 11. Nc4 b6 12. a4 Bb7 13. b4 exd4 14. Nxd4 Qb8 15. Qc2
Re8 16. Bg3 Nh5 17. Rab1 Nxg3 18. hxg3 d5 19. exd5 Bxd5 20. Ne3 Bb7 21. Bc4 Be4
22. Bd3 Qb7 23. Bxe4 Rxe4 24. Rbd1 c5 25. Nb3 Rae8 26. bxc5 Nxc5 27. Nxc5 bxc5
28. Rb1 Qc6 29. a5 Qa4 30. Qxa4 Rxa4 31. Nd5 Rxe1+ 32. Rxe1 Rxa5 33. Re8+ Kh7
34. Re7 Kg8 35. Re8+ Bf8 36. Nf6+ Kg7 37. Nd7 Bd6 38. Rc8 h5 39. Rc6 Be7 40. f4
Ra1+ 41. Kh2 a5 42. Nxc5 a4 43. Ne4 a3 44. Ra6 Re1 45. Ng5 Bc5 46. Nf3 Rc1 47.
Nd4 Rxc3 48. Ra4 a2 49. Nf3 Ba3  0-1

[Event "M.Chigorin Memorial 2017 "]
[Site "?????-?????????"]
[Date "2017.10.22"]
[Round "2"]
[Board "8"]
[White "Predke, Alexandr"]
[Black "Timerkhanov, Alexander"]
[Result "0-1"]
[WhiteElo "2601"]
[BlackElo "2312"]
[PlyCount "72"]
[EventDate "2017.10.21"]
[EventRounds "9"]
[EventCountry "RUS"]

1. e4 e6 2. d4 d5 3. Nd2 dxe4 4. Nxe4 Nd7 5. g3 Ngf6 6. Nc3 Nb6 7. Bg2 Nbd5 8.
Nf3 c6 9. O-O Bd6 10. Re1 Nxc3 11. bxc3 O-O 12. Qd3 h6 13. a4 Qc7 14. Ne5 Be7
15. Bf4 Bd6 16. Bd2 Be7 17. a5 Bd7 18. Qf3 Rac8 19. Bf4 Nd5 20. Ng6 fxg6 21.
Bxc7 Rxf3 22. Bxf3 Rxc7 23. c4 Nf6 24. c5 a6 25. Ra3 Kf7 26. h4 Bc8 27. Bg2 Bd8
28. Bh3 g5 29. hxg5 hxg5 30. f3 Re7 31. Re5 Nh7 32. Kf2 Bc7 33. Re2 Nf6 34. c4
Nh5 35. Rb2 Bxg3+ 36. Ke3 Bf4+  0-1

[Event "M.Chigorin Memorial 2017 "]
[Site "?????-?????????"]
[Date "2017.10.22"]
[Round "2"]
[Board "9"]
[White "Bykov, Oleg"]
[Black "Kobalia, Mikhail"]
[Result "1/2-1/2"]
[WhiteElo "2333"]
[BlackElo "2596"]
[PlyCount "129"]
[EventDate "2017.10.21"]
[EventRounds "9"]
[EventCountry "RUS"]

1. Nf3 d6 2. d4 g6 3. e4 Nf6 4. Nc3 Bg7 5. Be2 O-O 6. O-O c6 7. a4 Nbd7 8. e5
Ne8 9. Bf4 d5 10. Qd2 f6 11. exf6 exf6 12. a5 Rf7 13. Na4 Nf8 14. c4 Ne6 15.
cxd5 Nxf4 16. Qxf4 cxd5 17. Nc5 Nc7 18. Bd1 Ne6 19. Qd2 Qd6 20. b4 Nc7 21. Bb3
Re7 22. Rfe1 Rxe1+ 23. Rxe1 b6 24. Ne4 Qd8 25. Qf4 Be6 26. Nc3 Bf8 27. Nb5 Nxb5
28. Rxe6 Kg7 29. h4 Bd6 30. Qd2 Nc7 31. Re1 Qd7 32. Bc2 Qb5 33. Rb1 Re8 34. Bd3
Qd7 35. axb6 axb6 36. b5 Qg4 37. Re1 Ne6 38. Bf1 Nxd4 39. Nxd4 Rxe1 40. Qxe1
Qxd4 41. g3 f5 42. Kg2 Bc5 43. Qe2 Kf6 44. Qf3 Qd2 45. Be2 Ke5 46. Kf1 Qc1+ 47.
Kg2 h5 48. Bf1 Qd2 49. Kg1 Bd4 50. Bg2 Qc1+ 51. Kh2 Qc5 52. Qe2+ Kf6 53. f4 Be3
54. Qd3 d4 55. Qb3 Qd6 56. Qd5 Bxf4 57. gxf4 Qxf4+ 58. Kg1 Qe3+ 59. Kf1 d3 60.
Qd6+ Kg7 61. Qd7+ Kh6 62. Qd8 Qe2+ 63. Kg1 Qe3+ 64. Kf1 Qe2+ 65. Kg1  1/2-1/2

[Event "M.Chigorin Memorial 2017 "]
[Site "?????-?????????"]
[Date "2017.10.22"]
[Round "2"]
[Board "10"]
[White "Sakaev, Konstantin"]
[Black "Nazaretyan, Tigran"]
[Result "1-0"]
[WhiteElo "2594"]
[BlackElo "2303"]
[PlyCount "89"]
[EventDate "2017.10.21"]
[EventRounds "9"]
[EventCountry "RUS"]

1. d4 Nf6 2. c4 g6 3. Nc3 Bg7 4. e4 d6 5. Be2 O-O 6. Nf3 e5 7. O-O Nc6 8. d5
Ne7 9. b4 a5 10. Ba3 Nd7 11. bxa5 Rxa5 12. Bb4 Ra8 13. a4 Nc5 14. a5 f5 15.
Bxc5 dxc5 16. Nd2 c6 17. Nb3 Qd6 18. Qd2 Bd7 19. Qe3 cxd5 20. Qxc5 Qf6 21. cxd5
Rfc8 22. Qb4 Bf8 23. d6 Nc6 24. Nd5 Qe6 25. Qd2 Qxd6 26. Nb6 Qxd2 27. Nxd2 Rd8
28. Nxa8 Rxa8 29. Rfb1 Ra7 30. Bc4+ Kg7 31. Bd5 Nb4 32. Nc4 Kf6 33. Rb3 b5 34.
Nb6 Be8 35. Rc3 Be7 36. Rc8 Bf7 37. Bxf7 Kxf7 38. Nd5 fxe4 39. Rc7 Rxc7 40.
Nxc7 e3 41. fxe3 Bc5 42. a6 Bxe3+ 43. Kf1 Nc6 44. Nxb5 Bd4 45. Nxd4  1-0

[Event "M.Chigorin Memorial 2017 "]
[Site "?????-?????????"]
[Date "2017.10.22"]
[Round "2"]
[Board "11"]
[White "Savchenko, Boris"]
[Black "Zhai, Mo"]
[Result "1/2-1/2"]
[WhiteElo "2585"]
[BlackElo "2300"]
[PlyCount "151"]
[EventDate "2017.10.21"]
[EventRounds "9"]
[EventCountry "RUS"]

1. e4 e5 2. Nf3 Nf6 3. Nxe5 d6 4. Nf3 Nxe4 5. d4 d5 6. Bd3 Nd6 7. O-O Be7 8. c3
O-O 9. Qc2 g6 10. Qb3 c6 11. Re1 Bg4 12. Ne5 Be6 13. Bf4 Bg5 14. Bg3 Bh4 15.
Nd7 Bxg3 16. Nxf8 Bxf2+ 17. Kxf2 Qh4+ 18. Kf1 Kxf8 19. Nd2 Qxh2 20. Nf3 Qg3 21.
Qc2 Nd7 22. Qf2 Qxf2+ 23. Kxf2 Nf6 24. Kg1 Bf5 25. Bxf5 Nxf5 26. Rac1 Rd8 27.
a4 Nd6 28. b3 Nh5 29. c4 Nf4 30. Rc2 Nd3 31. Rf1 Nb4 32. Rcc1 Nf5 33. cxd5 Ng3
34. dxc6 bxc6 35. Rf2 Nd3 36. Rxc6 Nxf2 37. Kxf2 Nf5 38. Rc7 Nxd4 39. Ng5 Rd5
40. Ne4 Nxb3 41. Rxa7 Re5 42. Nd6 Re7 43. Ra8+ Kg7 44. a5 Nc5 45. Kf3 Re6 46.
Nc4 h5 47. Rb8 Re4 48. Nd6 Ra4 49. Rb5 Ne6 50. Ke3 Ra3+ 51. Kf2 Ra2+ 52. Kf1 h4
53. Rb7 Ng5 54. Ra7 Ra1+ 55. Ke2 Ra2+ 56. Kf1 Ra1+ 57. Ke2 Kf6 58. a6 Ke6 59.
Nb5 Ra2+ 60. Ke3 Ra5 61. Rb7 Kd5 62. a7 Kc5 63. Rb8 h3 64. gxh3 Nxh3 65. a8=Q
Rxa8 66. Rxa8 Kxb5 67. Re8 Kc6 68. Re7 Ng5 69. Kf4 Kd6 70. Re8 Ne6+ 71. Kg3 Ke5
72. Ra8 f5 73. Ra5+ Kf6 74. Ra6 Ke5 75. Ra5+ Kf6 76. Ra6  1/2-1/2

[Event "M.Chigorin Memorial 2017 "]
[Site "?????-?????????"]
[Date "2017.10.22"]
[Round "2"]
[Board "12"]
[White "Vaishali, R"]
[Black "Batchuluun, Tsegmed"]
[Result "1/2-1/2"]
[WhiteElo "2330"]
[BlackElo "2571"]
[PlyCount "75"]
[EventDate "2017.10.21"]
[EventRounds "9"]
[EventCountry "RUS"]

1. e4 e6 2. d3 d5 3. Qe2 Nf6 4. Nf3 Be7 5. g3 c5 6. Bg2 Nc6 7. O-O O-O 8. e5
Nd7 9. c4 Rb8 10. Re1 d4 11. h4 a6 12. Bg5 Bxg5 13. hxg5 b5 14. cxb5 axb5 15.
Nbd2 Bb7 16. Rac1 Qe7 17. Ne4 Ncxe5 18. Nxe5 Nxe5 19. Nxc5 Bxg2 20. Qxe5 Ba8
21. Ne4 Bxe4 22. Rxe4 Rbd8 23. Rc5 Qa7 24. Rxd4 Qxa2 25. Rxb5 Qb1+ 26. Kg2 Ra8
27. Qd6 g6 28. Rh4 Rad8 29. Qe5 Qxd3 30. Rhb4 Rd7 31. Rb8 Qd5+ 32. Qxd5 Rxd5
33. f4 Rd3 34. Rxf8+ Kxf8 35. Rb8+ Kg7 36. Rb7 Kf8 37. Rb8+ Kg7 38. Rb7  1/2-1/2

[Event "M.Chigorin Memorial 2017 "]
[Site "?????-?????????"]
[Date "2017.10.22"]
[Round "2"]
[Board "13"]
[White "Martynyuk, Elizaveta"]
[Black "Pridorozhni, Aleksei"]
[Result "1/2-1/2"]
[WhiteElo "2302"]
[BlackElo "2565"]
[PlyCount "119"]
[EventDate "2017.10.21"]
[EventRounds "9"]
[EventCountry "RUS"]

1. e4 c5 2. Nf3 e6 3. d4 cxd4 4. Nxd4 Nf6 5. Nc3 Nc6 6. Ndb5 Bc5 7. Bf4 O-O 8.
Bc7 Qe7 9. Bd6 Bxd6 10. Qxd6 Qd8 11. O-O-O a6 12. Nd4 Qb6 13. Nxc6 bxc6 14. Qd4
Qxd4 15. Rxd4 d5 16. exd5 cxd5 17. f4 Bd7 18. Be2 Rfc8 19. Rhd1 Rc5 20. Na4
Bxa4 21. Rxa4 Rc6 22. c3 Ne4 23. Ra5 Kf8 24. Rd4 Nc5 25. Kb1 Rac8 26. Bf3 Nb7
27. Raa4 Ke7 28. c4 Nd6 29. b3 Rb6 30. Be2 Rbc6 31. Kb2 dxc4 32. Bxc4 a5 33.
Bd3 Rc5 34. b4 Rb8 35. Ka3 axb4+ 36. Raxb4 Rc3+ 37. Rb3 Rbxb3+ 38. axb3 Rc1 39.
Kb4 h6 40. Ka5 Rd1 41. g4 g5 42. fxg5 hxg5 43. Kb4 f5 44. Kc5 Rc1+ 45. Bc4 Ne4+
46. Kc6 Rc2 47. gxf5 exf5 48. h3 Rc3 49. b4 Nd6 50. Rxd6 Rxc4+ 51. Kd5 Rxb4 52.
Rg6 Rb5+ 53. Kd4 f4 54. h4 Kf7 55. Rxg5 Rxg5 56. hxg5 Kg6 57. Ke4 Kxg5 58. Kf3
Kf5 59. Kf2 Kg4 60. Kg2  1/2-1/2

[Event "M.Chigorin Memorial 2017 "]
[Site "?????-?????????"]
[Date "2017.10.22"]
[Round "2"]
[Board "14"]
[White "Alekseenko, Kirill"]
[Black "Gogin, Maksim"]
[Result "1-0"]
[WhiteElo "2563"]
[BlackElo "2296"]
[PlyCount "65"]
[EventDate "2017.10.21"]
[EventRounds "9"]
[EventCountry "RUS"]

1. e4 c5 2. Nf3 e6 3. d4 cxd4 4. Nxd4 a6 5. Nc3 b5 6. Bd3 Qb6 7. Nf3 Qc7 8. O-O
Bb7 9. Bg5 Nf6 10. Re1 b4 11. Na4 d5 12. Bxf6 gxf6 13. exd5 Bxd5 14. c4 Bb7 15.
c5 Nd7 16. Rc1 Nxc5 17. Nxc5 Bxc5 18. Be4 Bxe4 19. Rxe4 Qb6 20. Qc2 Be7 21. Rc4
Rd8 22. Rc7 Rd5 23. h3 Bd8 24. Rc6 Qb5 25. Qe4 f5 26. Qe3 O-O 27. Qh6 Qd3 28.
Rc8 f6 29. Re1 e5 30. Kh2 f4 31. Nh4 Rd7 32. Qh5 Rg7 33. Rd1  1-0

[Event "M.Chigorin Memorial 2017 "]
[Site "?????-?????????"]
[Date "2017.10.22"]
[Round "2"]
[Board "15"]
[White "Mirzoev, Azer"]
[Black "Smirnov, Timofey"]
[Result "0-1"]
[WhiteElo "2555"]
[BlackElo "2294"]
[PlyCount "138"]
[EventDate "2017.10.21"]
[EventRounds "9"]
[EventCountry "RUS"]

1. d4 d5 2. Nf3 Nf6 3. c4 c6 4. Qc2 dxc4 5. Qxc4 Bf5 6. g3 e6 7. Bg2 Nbd7 8.
O-O Be7 9. e3 O-O 10. Rd1 Qc7 11. Nc3 Rac8 12. Qe2 Ne4 13. Nd2 Nxc3 14. bxc3
Bc2 15. Re1 e5 16. e4 exd4 17. cxd4 c5 18. Nf3 cxd4 19. Nxd4 Ba4 20. Bf4 Ne5
21. Nf5 Bc5 22. Rac1 b6 23. h4 Kh8 24. Ne3 f6 25. Nd5 Qd7 26. Rb1 Qg4 27. Be3
Bd7 28. Bxc5 Rxc5 29. Qxg4 Bxg4 30. Re3 Ra5 31. f4 Nd7 32. Rb2 Be6 33. Rd2 Nc5
34. Nb4 Ra4 35. a3 Bb3 36. Nc2 g6 37. e5 fxe5 38. fxe5 Bxc2 39. Rxc2 Rd4 40.
Bh3 Re8 41. Kg2 Kg7 42. e6 Re7 43. Rf3 Re4 44. Rf4 Rxf4 45. gxf4 Kf6 46. h5
Nxe6 47. Rc6 Kf7 48. hxg6+ hxg6 49. Kg3 Nd4 50. Rc4 Re3+ 51. Kh4 Nf3+ 52. Kg4
Nh2+ 53. Kh4 Rxa3 54. Rc7+ Kf6 55. Rc6+ Kg7 56. Bg2 Nf3+ 57. Kg4 Nd4 58. Rc7+
Kh6 59. Be4 Re3 60. Bb1 Re1 61. Bd3 Rg1+ 62. Kh4 Ne6 63. Rxa7 Nxf4 64. Bxg6
Nxg6+ 65. Kh3 Rg5 66. Rb7 b5 67. Rb6 Kg7 68. Rb7+ Kf6 69. Rb6+ Ke7  0-1

[Event "M.Chigorin Memorial 2017 "]
[Site "?????-?????????"]
[Date "2017.10.22"]
[Round "2"]
[Board "16"]
[White "Konaplev, Anton"]
[Black "Vorobiov, Evgeny E."]
[Result "0-1"]
[WhiteElo "2298"]
[BlackElo "2555"]
[PlyCount "116"]
[EventDate "2017.10.21"]
[EventRounds "9"]
[EventCountry "RUS"]

1. d4 Nf6 2. c4 e6 3. Nc3 Bb4 4. e3 O-O 5. Bd3 d5 6. Nf3 c5 7. O-O cxd4 8. exd4
dxc4 9. Bxc4 b6 10. Qd3 Bb7 11. Bg5 Nbd7 12. Rfd1 Bxc3 13. bxc3 Qc7 14. Bb3 Ne4
15. Rac1 Nxg5 16. Nxg5 Nf6 17. c4 Rfd8 18. h3 h6 19. Nf3 Be4 20. Qe3 Qb7 21.
Ne1 Rac8 22. f3 Bg6 23. a4 Rc7 24. Nd3 Bxd3 25. Rxd3 Rcd7 26. Rcd1 Qc7 27. f4
Qb7 28. Re1 Rd6 29. g4 Nd7 30. Rdd1 Nf8 31. Kh2 Qc7 32. Qe4 g5 33. Kh1 Ng6 34.
f5 Nf4 35. Re3 Qc6 36. d5 exd5 37. cxd5 Qc5 38. Qe5 R6d7 39. h4 Qd6 40. hxg5
Qxe5 41. Rxe5 Nh3 42. Kg2 Nxg5 43. Rc1 Nh7 44. Rc6 Kg7 45. f6+ Nxf6 46. g5 Nxd5
47. gxh6+ Kh8 48. Bxd5 Rxd5 49. Re7 Rf5 50. Kg3 Rg8+ 51. Kh4 Rf1 52. Rc3 Kh7
53. Rxa7 Kxh6 54. Rg3 Rh1+ 55. Rh3 Rhg1 56. Rb3 f6 57. Rf3 f5 58. Rf2 Rh1+  0-1

[Event "M.Chigorin Memorial 2017 "]
[Site "?????-?????????"]
[Date "2017.10.22"]
[Round "2"]
[Board "17"]
[White "Ismagambetov, Anuar"]
[Black "Vasilyev, Vasily"]
[Result "1/2-1/2"]
[WhiteElo "2553"]
[BlackElo "2291"]
[PlyCount "206"]
[EventDate "2017.10.21"]
[EventRounds "9"]
[EventCountry "RUS"]

1. e4 c5 2. Nf3 d6 3. d4 cxd4 4. Nxd4 Nf6 5. Nc3 a6 6. h3 e6 7. g4 h6 8. Bg2
Be7 9. Be3 O-O 10. Qe2 Nc6 11. O-O-O Qc7 12. f4 Nxd4 13. Rxd4 e5 14. Rc4 Qb8
15. g5 hxg5 16. fxg5 Nd7 17. Nd5 Bd8 18. h4 b5 19. Rc3 Bb7 20. Bh3 Bxd5 21.
exd5 Nb6 22. Bxb6 Qxb6 23. Rd3 a5 24. Kb1 a4 25. Qh5 g6 26. Qh6 e4 27. Rdd1 Qe3
28. Rde1 Qd4 29. Be6 fxe6 30. Qxg6+ Qg7 31. Qxe6+ Kh8 32. Qxe4 a3 33. bxa3 Rxa3
34. Rhf1 Be7 35. Rxf8+ Bxf8 36. Qf5 Ra4 37. c3 Rxh4 38. Re8 Kg8 39. Qe6+ Qf7
40. g6 Qxe6 41. dxe6 Re4 42. Kc2 Kg7 43. Kd3 d5 44. Rb8 Rxe6 45. Rxb5 Ra6 46.
Rxd5 Rxa2 47. c4 Kxg6 48. c5 Kf6 49. c6 Ra3+ 50. Kc4 Ra1 51. Kb5 Rc1 52. Rd4
Rc5+ 53. Kb6 Ke6 54. Rd1 Rc2 55. Re1+ Kd6 56. Rd1+ Ke6 57. Re1+ Kf7 58. Rd1 Bh6
59. c7 Be3+ 60. Kb7 Rb2+ 61. Kc6 Rc2+ 62. Kd7 Kf6 63. Rd6+ Kf7 64. c8=Q Rxc8
65. Kxc8 Ke7 66. Rd1 Kf6 67. Kd7 Kf5 68. Kd6 Kf4 69. Kd5 Kf3 70. Rd3 Kf2 71.
Ke4 Bb6 72. Rd2+ Kg1 73. Kf3 Kh1 74. Kg3 Bc7+ 75. Kh3 Bb6 76. Rh2+ Kg1 77. Rb2
Bc7 78. Rg2+ Kh1 79. Rg6 Bh2 80. Re6 Bg1 81. Kg3 Bh2+ 82. Kf3 Bg1 83. Re2 Bh2
84. Rg2 Bg1 85. Kg3 Bc5 86. Rh2+ Kg1 87. Rc2 Bd6+ 88. Kf3 Bb8 89. Rc8 Ba7 90.
Rg8+ Kh1 91. Kg3 Bc5 92. Rd8 Bb6 93. Rd7 Bc5 94. Rd5 Bb6 95. Rb5 Bc7+ 96. Kf2
Bd6 97. Rg5 Bc7 98. Rg1+ Kh2 99. Rg7 Bb6+ 100. Kf1 Bc5 101. Rg2+ Kh1 102. Rg5
Bd6 103. Kf2 Bh2  1/2-1/2

[Event "M.Chigorin Memorial 2017 "]
[Site "?????-?????????"]
[Date "2017.10.22"]
[Round "2"]
[Board "18"]
[White "Paravyan, David"]
[Black "Artamonov, Valery"]
[Result "1-0"]
[WhiteElo "2548"]
[BlackElo "2273"]
[PlyCount "89"]
[EventDate "2017.10.21"]
[EventRounds "9"]
[EventCountry "RUS"]

1. d4 Nf6 2. c4 e5 3. dxe5 Ng4 4. e3 Nxe5 5. Nc3 d6 6. b3 Be7 7. Bb2 O-O 8.
Nge2 Bg4 9. h3 Bh5 10. Qd2 Nbd7 11. Nf4 Bf3 12. Qc2 Bc6 13. Be2 Re8 14. O-O Nf6
15. Rac1 Bf8 16. Rfd1 b6 17. Nfd5 Rc8 18. b4 Bb7 19. a3 a6 20. Qb3 Nxd5 21.
Nxd5 c6 22. Nc3 b5 23. c5 d5 24. e4 Nc4 25. exd5 cxd5 26. Bf3 Re5 27. Nxb5 axb5
28. Bxe5 Nxe5 29. Bxd5 Bxd5 30. Rxd5 Qc7 31. a4 Ng6 32. axb5 Nf4 33. Rd2 Re8
34. Qf3 Qe5 35. b6 g5 36. g3 Nxh3+ 37. Kg2 Qe6 38. Re2 g4 39. Rxe6 gxf3+ 40.
Kxh3 Rxe6 41. b7 f5 42. Kh2 Re8 43. c6 f4 44. c7 fxg3+ 45. Kh3  1-0